[Event "27th Avoine Open"]
[Site "Avoine FRA"]
[Date "2012.07.28"]
[Round "8.12"]
[White "Godart,F"]
[Black "Navrotescu,A"]
[Result "1-0"]
[WhiteElo "2317"]
[BlackElo "2100"]

1.Nf3 Nf6 2.d4 e6 3.c4 Bb4+ 4.Nbd2 O-O 5.a3 Bxd2+ 6.Qxd2 b6 7.e3 Ne4 8.Qc2 f5
9.Be2 Bb7 10.O-O d6 11.b3 Nd7 12.Bb2 Ng5 13.Qd1 Bxf3 14.Bxf3 Nxf3+ 15.Qxf3 Qe7
16.Rfd1 Qf7 17.Qc6 Nf6 18.b4 Qd7 19.Qxd7 Nxd7 20.a4 Rfc8 21.Kf1 c6 22.b5 cxb5
23.cxb5 Rc4 24.Rdc1 Rac8 25.Ke2 Rxc1 26.Rxc1 Rxc1 27.Bxc1 Kf7 28.Ba3 Ke7
29.Kd3 Nf6 30.f3 Kd7 31.Bb4 Nd5 32.Bd2 Nf6 33.h3 d5 34.g4 g6 35.Bb4 fxg4
36.hxg4 h5 37.gxh5 gxh5 38.Ke2 Ng8 39.Be1 Ne7 40.e4 dxe4 41.fxe4 Ng6 42.Kf3 e5
43.d5 Kd6 44.Bb4+ Kd7 45.Bd2 Kd6 46.Be3 Kd7 47.Kg2 Kc7 48.Kg3 Kd7 49.Bd2 Kc7
50.a5 bxa5 51.Bxa5+ Kd6 52.Bb4+ Kc7 53.Bc5 Kb7 54.d6 Nf8 55.Kh4 Nd7 56.Ba3 Kb6
57.Kxh5 Nf6+ 58.Kg6 Nxe4 59.d7 Kc7 60.Kf5 Ng5 61.Kxg5 Kxd7 62.Kf5 a6 63.b6 Kc6
64.Bc5 a5 65.Kxe5 a4 66.Kd4  1-0

[Event "TCh-CRC Premier 2012"]
[Site "San Jose CRC"]
[Date "2012.07.28"]
[Round "7.3"]
[White "Esquivel,J"]
[Black "Chaves Villalobos,D"]
[Result "1-0"]
[WhiteElo "2061"]
[BlackElo "1989"]

1.d4 Nf6 2.c4 e6 3.Nf3 Bb4+ 4.Nbd2 b6 5.g3 Bb7 6.Bg2 O-O 7.O-O Bxd2 8.Bxd2 Be4
9.Bc3 d6 10.Nd2 Bxg2 11.Kxg2 c5 12.e4 cxd4 13.Bxd4 Nc6 14.Bc3 d5 15.cxd5 exd5
16.e5 Ne8 17.Nb3 Nc7 18.f4 Re8 19.Nd4 Qd7 20.Rc1 Nd8 21.h3 a5 22.g4 Na6 23.Nf5 Nb7
24.Nxg7 Rec8 25.Nh5 Qb5 26.Nf6+ Kg7 27.Qc2 Rh8 28.e6 Rac8 29.Nxh7+ Kg8 30.exf7+  1-0

[Event "Dutch Open 2012"]
[Site "Dieren NED"]
[Date "2012.07.30"]
[Round "6.1"]
[White "Raznikov,D"]
[Black "Ikonnikov,Vy"]
[Result "1/2-1/2"]
[WhiteElo "2462"]
[BlackElo "2537"]

1.d4 Nf6 2.c4 e6 3.Nf3 Bb4+ 4.Nbd2 b6 5.a3 Bxd2+ 6.Qxd2 Bb7 7.e3 O-O 8.Be2 a5
9.b3 d5 10.Bb2 Nbd7 11.O-O c5 12.Rfd1 Qe7 13.Rac1 Rfd8 14.cxd5 Bxd5 15.Qc2 Rdc8
16.Bb5 Qf8 17.Qd3 cxd4 18.Qxd4 Rxc1 19.Rxc1 Nc5 20.Nd2 Bxb3 21.e4 Rd8 22.Qe3 Ba4
23.Bxf6 gxf6 24.Bxa4 Nxa4 25.e5 f5 26.Qg5+ Kh8 27.Qf6+ Kg8 28.Qg5+ Kh8  1/2-1/2

[Event "81st ch-UKR 2012"]
[Site "Kiev UKR"]
[Date "2012.07.31"]
[Round "5.1"]
[White "Zubov,A UKR"]
[Black "Fedorchuk,S"]
[Result "1-0"]
[WhiteElo "2617"]
[BlackElo "2634"]

1.d4 Nf6 2.c4 e6 3.Nf3 Bb4+ 4.Nbd2 O-O 5.a3 Be7 6.e3 c5 7.Bd3 cxd4 8.exd4 d5
9.c5 a5 10.Rb1 a4 11.b4 axb3 12.Rxb3 Nc6 13.Qc2 Qc7 14.Bb2 h6 15.O-O Nd7
16.Re1 Rb8 17.Bb5 Bf6 18.a4 Ra8 19.Rbe3 Ndb8 20.Ne5 Nxe5 21.dxe5 Be7 22.Rg3 Bd7
23.Nb3 Bxb5 24.axb5 Ra4 25.Bc1 Bh4 26.Rh3 Rc4 27.Qd1 Nd7 28.Qh5 Rxc1 29.Nxc1 Bg5
30.Nd3 Nxc5 31.Nxc5 Qxc5 32.Qe2 Ra8 33.Rb3 Ra4 34.Qd3 Rc4 35.g3 g6 36.h4 Bd8
37.Qe3 Bb6 38.Qxc5 Bxc5 39.b6 Rc2 40.Ra1 Rxf2 41.Kh1 d4 42.Ra8+ Kg7 43.Rd8 g5
44.hxg5 hxg5 45.g4 Re2 46.Rd7 Rxe5 47.Rb5 Kf6 48.Rxb7 Rd5 49.Ra7 d3 50.Ra1 Ke5
51.Rxc5 Rxc5 52.b7 Rb5 53.Ra5 Rxa5 54.b8=Q+ Ke4 55.Qb4+ Ke3 56.Qe1+  1-0

[Event "Politiken Cup 2012"]
[Site "Helsingor DEN"]
[Date "2012.08.01"]
[Round "6.37"]
[White "Franzen,Per-Erik"]
[Black "Rewitz,P"]
[Result "0-1"]
[WhiteElo "2043"]
[BlackElo "2239"]

1.d4 Nf6 2.Nf3 e6 3.c4 Bb4+ 4.Nbd2 O-O 5.a3 Bxd2+ 6.Qxd2 b5 7.e3 bxc4 8.Bxc4 Bb7
9.b3 a5 10.Bb2 Be4 11.O-O d6 12.Qe2 Nbd7 13.Nd2 Bg6 14.e4 d5 15.Bd3 dxe4
16.Nxe4 Nxe4 17.Bxe4 Bxe4 18.Qxe4 Nf6 19.Qc2 Nd5 20.Rfd1 Qd6 21.Rd3 Ra6 22.Rh3 h6
23.Re1 Rb8 24.Re4 Rab6 25.Qd1 Rc6 26.Rg4 Kf8 27.Rhg3 g5 28.Re4 Nf4 29.h4 Rb5
30.hxg5 hxg5 31.Bc1 Qd5 32.Re1 Qf5 33.Bxf4 gxf4 34.Rf3 Qc2 35.Qxc2 Rxc2 36.Re4 Rh5
37.Rh3 Rxh3 38.gxh3 Rc3 39.b4 a4 40.Rxf4 Rxa3 41.b5 Rb3 42.d5 exd5 43.Rxa4 Rxb5
44.Ra7 c5 45.Kg2 c4 46.Rc7 Rb3 47.h4 Rd3 48.Kf1 c3 49.h5 Kg7 50.Rc6 f6 51.h6+ Kxh6
52.Rxf6+ Kg5 53.Rc6 d4 54.Rc4 Rd2 55.Ke1 Kf4 56.Rc8 Ke4 57.Rd8 Kd3 58.f4 Re2+
59.Kf1  0-1

[Event "45th Biel Masters Open"]
[Site "Biel SUI"]
[Date "2012.08.03"]
[Round "11"]
[White "Schiendorfer,E"]
[Black "Sengupta,D"]
[Result "0-1"]
[WhiteElo "2355"]
[BlackElo "2548"]

1.d4 e6 2.c4 Bb4+ 3.Nd2 Nf6 4.Nf3 O-O 5.a3 Be7 6.e4 d5 7.Qc2 dxe4 8.Nxe4 Nbd7
9.Bd3 Nxe4 10.Bxe4 f5 11.Bd3 c5 12.Be2 cxd4 13.Nxd4 Nf6 14.Nf3 Qc7 15.O-O Bd7
16.b3 Bc6 17.Bb2 Ng4 18.g3 Be4 19.Qc1 f4 20.Nd4 Nxf2 21.Rxf2 fxg3 22.Rg2 Bxg2
23.Kxg2 Rf2+ 24.Kg1 Bc5 25.Qe3 e5 26.hxg3 Rf6  0-1

[Event "Politiken Cup 2012"]
[Site "Helsingor DEN"]
[Date "2012.08.03"]
[Round "8.20"]
[White "Gandrud,V"]
[Black "Eriksson,K"]
[Result "1-0"]
[WhiteElo "2259"]
[BlackElo "2082"]

1.d4 Nf6 2.c4 e6 3.Nf3 Bb4+ 4.Nbd2 O-O 5.g3 d6 6.Bg2 c5 7.a3 Ba5 8.O-O Nc6
9.Nb3 Bb6 10.dxc5 dxc5 11.Qxd8 Rxd8 12.Be3 Nd7 13.Rfd1 f6 14.Ne1 e5 15.Bxc6 bxc6
16.Bxc5 Ba6 17.Be7 Bxc4 18.Bxd8 Rxd8 19.Nc1 Kf7 20.Nc2 a5 21.Ne3 Be6 22.Nd3 Bd4
23.Rac1 Bb3 24.Rd2 e4 25.Nf5 Ne5 26.Nxe5+ fxe5 27.Nxd4 Rxd4 28.Rxd4 exd4
29.Rxc6 Ke7 30.Kf1  1-0

[Event "Politiken Cup 2012"]
[Site "Helsingor DEN"]
[Date "2012.08.04"]
[Round "9.75"]
[White "Franzen,Per-Erik"]
[Black "Moller,A"]
[Result "1-0"]
[WhiteElo "2043"]
[BlackElo "1895"]

1.d4 Nf6 2.Nf3 e6 3.c4 Bb4+ 4.Nbd2 O-O 5.a3 Be7 6.e4 d6 7.Be2 c5 8.d5 e5
9.O-O Ne8 10.Ne1 Bg5 11.Bg4 h6 12.g3 Bxg4 13.Qxg4 Nf6 14.Qe2 Nh7 15.Ng2 Nd7
16.Ne3 g6 17.Nf3 f5 18.exf5 gxf5 19.Nxg5 Nxg5 20.f4 exf4 21.gxf4 Nh3+ 22.Kh1 Qh4
23.Qf3 Kh7 24.Bd2 Nf6 25.Nxf5 Qh5 26.Nxd6 Ng4 27.Qe4+ Kg8 28.Qe6+ Kh7 29.Qe7+ Kg8
30.Qe2 Rad8 31.Ne4 Rde8 32.Rg1 Nxg1 33.Rxg1 Rxe4 34.Rxg4+ Kf7 35.Rg7+  1-0

[Event "Tabor Open 2012"]
[Site "Tabor CZE"]
[Date "2012.08.04"]
[Round "8.21"]
[White "Pravdik,K"]
[Black "Van Nieuwenhuizen,H"]
[Result "1-0"]
[WhiteElo "2092"]
[BlackElo "1944"]

1.d4 Nf6 2.c4 e6 3.Nf3 Bb4+ 4.Nbd2 d5 5.Qa4+ Nc6 6.a3 Be7 7.e3 Bd7 8.Qc2 O-O
9.Bd3 dxc4 10.Nxc4 h6 11.O-O Re8 12.b4 b5 13.Ncd2 Rb8 14.Ne4 a5 15.Nxf6+ Bxf6
16.Bh7+ Kh8 17.Be4 Rb6 18.Bd2 axb4 19.Bxb4 Nxb4 20.axb4 Qe7 21.Qxc7 Rbb8
22.Ra7 Red8 23.Qa5 g5 24.Rc1 Rdc8 25.Rcc7 Qd6 26.g3 Be8 27.Rc5 Bd8 28.Qa1 Bb6
29.Rxc8 Rxc8 30.Ra8 Rxa8 31.Qxa8 Qd8 32.Ne5 Qxa8 33.Bxa8 Bc7 34.Nd3 Kg7 35.f4 Kf6
36.Kf2 gxf4 37.gxf4 Ke7 38.e4 f6 39.Ke3 Bb6 40.e5 fxe5 41.fxe5 Bd7 42.Nc5 Be8
43.Ne4 Ba7 44.Nf6 Bb6 45.Ng8+ Kf7 46.Nxh6+ Kg6 47.Ng4 Bd8 48.Nf2 Be7 49.Nd3 Kf5
50.Be4+ Kg4 51.Nc5 Kh3 52.Nxe6 Bxb4 53.Nc7 Bd7 54.e6 Bxe6 55.Nxe6 Bd6 56.Bc2 Kxh2
57.Ke4 Kg3 58.Kd5 Be7 59.Kc6 b4 60.d5 Kf2 61.d6 Bf6 62.Kb5 Ke3 63.Kxb4 Kf3
64.Kc5 Kg4 65.Kc6 Kh5 66.d7 Kh6 67.Kd6 Bh4 68.d8=Q Bxd8 69.Nxd8 Kg5 70.Ne6+ Kf6
71.Bd3 Kf7 72.Ke5 Ke7 73.Bb5 Kf7 74.Bc6 Ke7 75.Nd4 Kf7 76.Bd5+ Ke7 77.Be6 Kf8
78.Kf6 Ke8 79.Nc6 Kf8 80.Bf5 Kg8 81.Ne7+ Kh8 82.Be6 Kh7 83.Ng6 Kh6 84.Bg8 Kh5
85.Ne5 Kh6 86.Ng4+ Kh5 87.Kf5 Kh4 88.Kf4 Kh5 89.Bf7+ Kh4 90.Bg6 Kh3 91.Ne3 Kh4
92.Ng2+ Kh3 93.Kf3 Kh2 94.Kf2 Kh1 95.Bf5 Kh2 96.Bg4 Kh1 97.Ne3 Kh2 98.Nf1+ Kh1
99.Bf3+  1-0

[Event "Olomouc GM Valoz Cup"]
[Site "Olomouc CZE"]
[Date "2012.08.05"]
[Round "6.6"]
[White "Arutinian,D"]
[Black "Krejci,Jan2"]
[Result "1/2-1/2"]
[WhiteElo "2558"]
[BlackElo "2503"]

1.d4 Nf6 2.c4 e6 3.Nf3 Bb4+ 4.Nbd2 b6 5.a3 Bxd2+ 6.Qxd2 Bb7 7.g3 a5 8.b3 O-O
9.Bg2 d6 10.Bb2 Nbd7 11.O-O Be4 12.Rfd1 c6 13.Rac1 Qe7 14.Bf1 h6 15.Qc3 Rfd8
16.Nd2 d5 17.cxd5 cxd5 18.a4 Qf8 19.Nxe4  1/2-1/2

[Event "Miguel Najdorf Open A"]
[Site "Warsaw POL"]
[Date "2012.08.07"]
[Round "2.3"]
[White "Przezdziecka,M"]
[Black "Warakomski,T"]
[Result "0-1"]
[WhiteElo "2276"]
[BlackElo "2491"]

1.d4 Nf6 2.Nf3 e6 3.c4 Bb4+ 4.Nbd2 a5 5.a3 Bxd2+ 6.Qxd2 a4 7.Qc2 d6 8.e4 e5
9.dxe5 dxe5 10.Nxe5 Qd4 11.Nf3 Qxe4+ 12.Qxe4+ Nxe4 13.Bf4 Na6 14.Bd3 Nec5
15.Be2 Bg4 16.Rd1 O-O 17.h3 Bh5 18.g4 Bg6 19.Ne5 Bc2 20.Rd2 Bb3 21.O-O Rfe8
22.Bf3 c6 23.Rc1 Rad8 24.Rxd8 Rxd8 25.Be2 Re8 26.Bf1 g5 27.Bh2 Rd8 28.Nf3 f6
29.Be2 Nd3 30.Bxd3 Rxd3 31.Kg2 Kf7 32.Bg3 h6 33.h4 Bd1 34.Ne1 Rd2 35.hxg5 hxg5
36.Kh3 Bb3 37.f4 gxf4 38.Bxf4 Rxb2 39.g5 fxg5 40.Bxg5 Ra2 41.Nd3 Bc2 42.Nf4 Bf5+
43.Kh4 Nc5  0-1

[Event "16th HZ Open"]
[Site "Vlissingen NED"]
[Date "2012.08.09"]
[Round "7"]
[White "Raznikov,D"]
[Black "Hopman,P"]
[Result "1/2-1/2"]
[WhiteElo "2462"]
[BlackElo "2310"]

1.d4 Nf6 2.c4 e6 3.Nf3 Bb4+ 4.Nbd2 b6 5.a3 Bxd2+ 6.Qxd2 Ba6 7.b3 O-O 8.e3 d5
9.Bd3 c5 10.O-O cxd4 11.exd4 Nc6 12.Rd1 dxc4 13.bxc4 Na5 14.Qb4 Rc8 15.Ne5 Nd7
16.Qb1 Nxe5 17.dxe5 Qh4 18.Bd2 Nb7 19.Bb4 Rfd8 20.c5 Bxd3 21.Rxd3 Rxd3 22.Qxd3 Rd8
23.Qa6 Qd4 24.Rf1 Nxc5 25.Qxa7 Ne4 26.h3 h6 27.Qc7 Rd5 28.Qc8+ Kh7 29.Qc2 g6
30.Re1 Nc5 31.Qc3 Qf4 32.Bxc5 Rxc5 33.Qe3  1/2-1/2

[Event "16th HZ Open"]
[Site "Vlissingen NED"]
[Date "2012.08.10"]
[Round "8"]
[White "Nyzhnyk,I"]
[Black "De Jong,M"]
[Result "1-0"]
[WhiteElo "2619"]
[BlackElo "2358"]

1.d4 e6 2.c4 Bb4+ 3.Nd2 Nf6 4.Nf3 d5 5.Qa4+ Nc6 6.a3 Bxd2+ 7.Bxd2 Ne4 8.Bf4 O-O
9.e3 Ne7 10.Bd3 Ng6 11.Qc2 Nxf4 12.exf4 Bd7 13.O-O Nf6 14.c5 a6 15.a4 a5
16.Ne5 Bc6 17.Rfb1 h6 18.b4 axb4 19.a5 Nd7 20.Nxc6 bxc6 21.Rxb4 f6 22.Qa4 Nb8
23.a6 Ra7 24.Rab1 Nxa6 25.Bxa6 Qa8 26.Ra1 e5 27.fxe5 fxe5 28.dxe5 Qe8 29.Rb7 Rxb7
30.Bxb7 Qxe5 31.Bxc6 d4 32.Qc4+ Kh8 33.Rd1  1-0

[Event "II Brazil Maringa Open"]
[Site "Maringa BRA"]
[Date "2012.08.12"]
[Round "9.16"]
[White "Quintiliano Pinto,R"]
[Black "Rezende,Guilherme Vilela"]
[Result "1-0"]
[WhiteElo "2238"]
[BlackElo "2049"]

1.d4 Nf6 2.c4 e6 3.Nf3 Bb4+ 4.Nbd2 O-O 5.a3 Bxd2+ 6.Qxd2 d5 7.e3 c6 8.b3 Nbd7
9.Bb2 b6 10.Bd3 Bb7 11.cxd5 exd5 12.O-O c5 13.Ne5 Ne4 14.Qc2 Rc8 15.Nxd7 Qxd7
16.Qe2 Qe6 17.Rac1 Rc7 18.Rc2 Rfc8 19.Rfc1 h6 20.a4 Nd6 21.dxc5 bxc5 22.Qf3 Ne4
23.Be2 Ba6 24.Bxa6 Qxa6 25.Qg4 Qg6 26.Qxg6 fxg6 27.f3 Ng5 28.Rd1 Rd7 29.b4 c4
30.e4 Ne6 31.exd5 Nf4 32.d6 c3 33.g3 Nh3+ 34.Kg2 Ng5 35.b5 Nf7 36.Rxc3 Rxc3
37.Bxc3 Rxd6 38.Rxd6 Nxd6 39.Bd4 Nc8 40.a5 Nd6 41.Bxa7 Nxb5 42.Bb6  1-0

[Event "32nd Bratto Masters"]
[Site "Bratto ITA"]
[Date "2012.08.18"]
[Round "1.6"]
[White "Mirzoev,A"]
[Black "Gentili,G"]
[Result "1-0"]
[WhiteElo "2545"]
[BlackElo "2169"]

1.d4 Nf6 2.Nf3 e6 3.c4 Bb4+ 4.Nbd2 d5 5.a3 Bxd2+ 6.Bxd2 O-O 7.Qc2 b6 8.Bg5 Bb7
9.cxd5 Qxd5 10.e3 Nbd7 11.Bc4 Qe4 12.Qxe4 Nxe4 13.Bh4 c5 14.Rd1 Ndf6 15.dxc5 bxc5
16.O-O Rfd8 17.Rxd8+ Rxd8 18.Rc1 h6 19.Be2 Rd5 20.Bxf6 gxf6 21.Kf1 Kf8 22.Ke1 Ke7
23.Ng1 f5 24.Nh3 e5 25.f3 Nf6 26.Nf2 e4 27.Rc4 Re5 28.f4 Re6 29.Rxc5 Nd5
30.Nd1 Kd6 31.Ra5  1-0

[Event "e2e4 Gatwick Masters A 2012"]
[Site "Crawley ENG"]
[Date "2012.08.18"]
[Round "1.3"]
[White "Madan,A"]
[Black "Miezis,N"]
[Result "0-1"]
[WhiteElo "2315"]
[BlackElo "2580"]

1.d4 Nf6 2.c4 e6 3.Nf3 Bb4+ 4.Nbd2 d5 5.e3 O-O 6.a3 Bxd2+ 7.Bxd2 Ne4 8.Bd3 Nd7
9.O-O f5 10.Ne1 dxc4 11.Bxc4 Nb6 12.Bb3 c5 13.f3 Nxd2 14.Qxd2 cxd4 15.Qxd4 Qxd4
16.exd4 Rd8 17.Nc2 Bd7 18.Rfe1 Kf7 19.Nb4 Re8 20.Nd3 Ba4 21.Ba2 Rad8 22.Nc5 Rd6
23.Rac1 Bc6 24.Nd3 Kf6 25.Ne5 Bd5 26.Bb1 Rc8 27.Kf2 Rdd8 28.b4 Bb3 29.Rxc8 Rxc8
30.Nd3 Rc3 31.Ne5 Bd5 32.Re3 Rc1 33.Re1 Rc7 34.h4 g6 35.g4 Na4 36.g5+ Ke7
37.Bd3 Rc3 38.h5 gxh5 39.Rh1 Kf8 40.Rxh5 Kg7 41.Rh6 a6 42.Rf6 Rc7 43.Ke2 Kg8
44.Rh6 Kg7 45.Rf6 Bb3 46.Kd2 b5 47.Rh6 Nc3 48.Rh1 Nd5 49.Rc1 Rxc1 50.Kxc1 Nf4
51.Bf1 Bd5 52.a4 bxa4 53.Kb2 Ng6 54.Nd7 Nh4 55.f4 Ng6 56.Bxa6 Nxf4 57.Nf6 h5
58.Nxd5 Nxd5 59.Bc8 Nxb4 60.Bxe6 Kg6 61.Kc3 Nc6 62.d5 Nd8 63.Bd7 a3 64.Kb3 h4
65.Bb5 h3  0-1

[Event "Husek Vienna Open A"]
[Site "Vienna AUT"]
[Date "2012.08.18"]
[Round "6"]
[White "Shengelia,D"]
[Black "Georgiev,Ki"]
[Result "0-1"]
[WhiteElo "2545"]
[BlackElo "2682"]

1.d4 Nf6 2.c4 e6 3.Nf3 Bb4+ 4.Nbd2 O-O 5.e3 b6 6.Bd3 Bb7 7.O-O d5 8.cxd5 exd5
9.b3 Bd6 10.Bb2 Qe7 11.Ne5 c5 12.f4 Nc6 13.Rc1 Rac8 14.Qf3 cxd4 15.exd4 Ba3
16.Rce1 Nxe5 17.Rxe5 Qb4 18.Bxa3 Qxa3 19.Qh3 Rc1 20.Rg5 Rxf1+ 21.Nxf1 Qb2
22.Qe3 h6 23.Rg3 Re8 24.Qf2 Qxf2+ 25.Kxf2 Ne4+ 26.Bxe4 Rxe4 27.Rf3 Rxd4 28.Ke1 g6
29.Nd2 Ba6 30.g3 Bd3 31.Re3 Kf8 32.a3 Bf5 33.Rc3 Rd3 34.Rxd3 Bxd3 35.Kf2 Ke7
36.Ke3 Bc2 37.b4 Bd1 38.Nb1 Bb3 39.Nd2 Ba4 40.Nf3 Bd7 41.h4 Kd6 42.Nd4 Ke7
43.Kf3 Kf6 44.g4 Ke7 45.Kg3 Kd6 46.Kf3 f6 47.Kg3 Ke7 48.Kf3 Ba4 49.Kg3 a6
50.Kf3 Bd7 51.Kg3 g5 52.h5 Kd6 53.Kf3 Ke7 54.Kg3 Kf7 55.Nf3 Ba4 56.Nd4 Bd1
57.Nf5 Bc2 58.Nd4 Be4 59.f5 Ke7 60.Kf2 Kd6 61.Ke3 Bg2 62.Kf2 Bh1 63.Ke3 Bg2
64.Kf2 Bh3 65.Kg3 Bf1 66.Kf2 Bb5 67.Ke3 Ba4 68.Ke2 Ke5 69.Ne6 d4 70.Nd8 Kf4
71.Nf7 Bb3 72.Nxh6 Bc4+ 73.Kd2 b5  0-1

[Event "11th Lichtenberger Sommer 2012"]
[Site "Berlin GER"]
[Date "2012.08.20"]
[Round "3.26"]
[White "Witte,R"]
[Black "Schneider,Ch1"]
[Result "0-1"]
[WhiteElo "2034"]
[BlackElo "2234"]

1.d4 Nf6 2.c4 e6 3.Nf3 Bb4+ 4.Nbd2 O-O 5.a3 Bxd2+ 6.Bxd2 Ne4 7.Bf4 b6 8.e3 Bb7
9.Bd3 d6 10.Qc2 f5 11.h4 Nd7 12.Ng5 Nxg5 13.Bxg5 Qe8 14.e4 e5 15.d5 f4 16.h5 h6
17.Bh4 Qxh5 18.Rh3 g5 19.Bg3 Qg6 20.Bh2 g4 21.Rh4 Qg5 22.g3 a5 23.b3 Nc5
24.a4 Rf6 25.Ke2 Raf8 26.Rh1 c6 27.Kd1 cxd5 28.cxd5 Rc8 29.Qb1 fxg3 30.Bxg3 Nxd3
31.Qxd3 Qc1+ 32.Ke2 Rc2+  0-1

[Event "32nd Bratto Masters"]
[Site "Bratto ITA"]
[Date "2012.08.20"]
[Round "3.8"]
[White "Mirzoev,A"]
[Black "Montani,F"]
[Result "1-0"]
[WhiteElo "2545"]
[BlackElo "2214"]

1.d4 Nf6 2.Nf3 e6 3.c4 Bb4+ 4.Nbd2 b6 5.a3 Bxd2+ 6.Qxd2 Bb7 7.g3 O-O 8.Bg2 d6
9.O-O a5 10.b3 Nbd7 11.Rd1 Be4 12.Bb2 Qe7 13.Bf1 Rfd8 14.Ne1 d5 15.f3 Bg6
16.cxd5 exd5 17.Rac1 c5 18.a4 cxd4 19.Bxd4 Nc5 20.Rc3 Rab8 21.Ng2 Ne6 22.e3 Nd7
23.Nf4 Nxf4 24.exf4 Qb4 25.g4 f6 26.Kg2 Bf7 27.f5 h6 28.h4 Rbc8 29.Rxc8 Rxc8
30.Qxb4 axb4 31.Bd3 Kf8 32.Rd2 Rc1 33.Bc2 Re1 34.Bf2 Rc1 35.Bd4 Re1 36.Bd1 Re8
37.Kf2 Ke7 38.Re2+ Kd6 39.Rxe8 Bxe8 40.Ke3 Nc5 41.Bc2 Bc6 42.g5 hxg5 43.hxg5 Nd7
44.f4 Bb7 45.Bd3 Nc5 46.Bc2 Nd7 47.Bd1 Ba6 48.Bh5 Nc5 49.gxf6 gxf6 50.Bxf6 Nxb3
51.Be5+ Kd7 52.f6 d4+ 53.Kf2  1-0

[Event "12th ch-Euro Seniors"]
[Site "Kaunas LTU"]
[Date "2012.08.23"]
[Round "6.21"]
[White "Giulian,P"]
[Black "Teemae,L"]
[Result "1-0"]
[WhiteElo "2266"]
[BlackElo "2047"]

1.d4 Nf6 2.c4 e6 3.Nf3 Bb4+ 4.Nbd2 b6 5.a3 Bxd2+ 6.Qxd2 Bb7 7.e3 d6 8.Be2 Nbd7
9.b4 Ne4 10.Qc2 c5 11.O-O O-O 12.Bb2 f5 13.Rad1 Qe7 14.dxc5 bxc5 15.Nd2 Nxd2
16.Qxd2 Qg5 17.f3 Rad8 18.e4 Qxd2 19.Rxd2 fxe4 20.fxe4 Rxf1+ 21.Bxf1 Nf6
22.Bxf6 gxf6 23.bxc5 Bxe4 24.cxd6 Kf7 25.c5 Rb8 26.a4  1-0

[Event "27th Schwarzacher Open"]
[Site "Schwarzach AUT"]
[Date "2012.08.23"]
[Round "6.5"]
[White "Schnepp,G"]
[Black "Danner,G"]
[Result "1-0"]
[WhiteElo "2308"]
[BlackElo "2374"]

1.d4 Nf6 2.c4 e6 3.Nf3 Bb4+ 4.Nbd2 b6 5.g3 Bb7 6.Bg2 O-O 7.O-O Re8 8.a3 Bxd2
9.Bxd2 d6 10.Qa4 Nbd7 11.Bg5 h6 12.Bxf6 Nxf6 13.Rfd1 Qe7 14.Rac1 c5 15.dxc5 bxc5
16.b4 Rec8 17.Qa5 Be4 18.Ne1 Bxg2 19.Nxg2 Rab8 20.Nf4 Rb6 21.Nd3 cxb4 22.axb4 Qb7
23.Qa1 e5 24.b5 a6 25.c5 Rxb5 26.cxd6 Rxc1 27.Qxc1 Rd5 28.Qc7 Qb3 29.Ra1 e4
30.Nf4 Rd2 31.Qc8+ Kh7 32.Qf5+ Kh8 33.Qc8+ Kh7 34.Qf5+ Kh8 35.Qc8+ Kh7 36.Rxa6 g5
37.Qf5+ Kg7 38.d7 Nxd7 39.Nh5+ Kf8 40.Ra8+ Ke7 41.Qxe4+ Kd6 42.Ng7 Rd1+ 43.Kg2 Qd5
44.Ra6+ Kc7 45.Ne8+ Kb7 46.Qxd5+ Rxd5 47.Rxh6 Ne5 48.Rf6 Kb8 49.Rf5 g4 50.Nf6 Rd6
51.Rxe5 Rxf6 52.Re4 Rg6 53.Re8+ Kc7 54.Re7+ Kd6 55.Rxf7 Ke6 56.Rf4 Ke5 57.f3 gxf3+
58.exf3 Ra6 59.h4  1-0

[Event "12th ch-Euro Seniors"]
[Site "Kaunas LTU"]
[Date "2012.08.26"]
[Round "9.18"]
[White "Bylino,O"]
[Black "Tchetchelnitski,B"]
[Result "1/2-1/2"]
[WhiteElo "2075"]
[BlackElo "2195"]

1.Nf3 e6 2.d4 Nf6 3.c4 Bb4+ 4.Nbd2 b6 5.a3 Bxd2+ 6.Bxd2 Bb7 7.Rc1 Ne4 8.g3 Nxd2
9.Qxd2 Be4 10.Bg2 O-O 11.O-O  1/2-1/2

[Event "24th Schlosspark Open"]
[Site "Wiesbaden GER"]
[Date "2012.08.26"]
[Round "6.2"]
[White "Levin,F"]
[Black "Meijers,V"]
[Result "1/2-1/2"]
[WhiteElo "2510"]
[BlackElo "2492"]

1.d4 Nf6 2.c4 e6 3.Nf3 Bb4+ 4.Nbd2 b6 5.a3 Bxd2+ 6.Qxd2 Bb7 7.g3 d5 8.cxd5 Nxd5
9.Bg2 Nd7 10.b4 c5 11.dxc5 bxc5 12.Bb2 O-O 13.O-O Qb8  1/2-1/2

[Event "19th Graz Open 2012"]
[Site "Graz AUT"]
[Date "2012.08.31"]
[Round "7.3"]
[White "Hera,I"]
[Black "Tratar,M"]
[Result "1/2-1/2"]
[WhiteElo "2568"]
[BlackElo "2492"]

1.d4 e6 2.Nf3 Nf6 3.c4 Bb4+ 4.Nbd2 O-O 5.a3 Bxd2+ 6.Qxd2 b6 7.e3 Bb7 8.Be2 d6
9.O-O Nbd7 10.b4 Qe7 11.Bb2 e5 12.Qc2 exd4 13.Nxd4 Qe4 14.Qxe4 Bxe4 15.f3 Bb7
16.e4 a5 17.Nb5 Rfc8 18.Kf2 Kf8 19.g4 Ne8 20.g5 c6 21.Nc3 axb4 22.axb4 Rxa1
23.Rxa1 Ra8 24.Rxa8 Bxa8 25.f4 Nc7 26.Bg4 Ne6 27.Ke3 Ke7 28.h4 Bb7 29.Na4 b5
30.cxb5 cxb5 31.Nc3 Nc7 32.Be2 Bc6 33.h5 f6 34.h6 fxg5 35.hxg7 gxf4+ 36.Kxf4 Kf7
37.Kg5 Ne5 38.Kh6 Kg8 39.Bh5 Ne6 40.Nd5 Bxd5 41.Bxe5 dxe5 42.exd5 Nxg7 43.Bg4 Ne8
44.Kg5 Kf7 45.Kf5 e4 46.Ke5 Ke7 47.Be2 Nd6 48.Kf4 Kf6 49.Bd1 h6 50.Be2 e3
51.Kxe3 Ke5 52.Kf3 Kxd5 53.Kg4 Nc4 54.Kh5 Kd4 55.Kxh6 Kc3 56.Bh5 Kxb4  1/2-1/2

[Event "World Youth U16 Olympiad 2012"]
[Site "Istanbul TUR"]
[Date "2012.09.03"]
[Round "7.21"]
[White "Koksal,E"]
[Black "Mikes,J"]
[Result "1-0"]
[WhiteElo "2198"]
[BlackElo "2125"]

1.d4 Nf6 2.Nf3 e6 3.c4 Bb4+ 4.Nbd2 b6 5.a3 Bxd2+ 6.Qxd2 Ne4 7.Qc2 Bb7 8.e3 f5
9.Bd3 O-O 10.O-O a5 11.Nd2 Ng5 12.f4 Nf7 13.e4 g6 14.b3 Nh6 15.Bb2 fxe4 16.Nxe4 d5
17.Ng5 Rf6 18.Rae1 Bc8 19.Re5 Ng4 20.cxd5 Nxe5 21.dxe5 Rxf4 22.Rxf4 Qxg5
23.Qf2 Qe7 24.d6 Qg7 25.dxc7 Nd7 26.Bc4 Nf8 27.Qxb6 g5 28.Rf6  1-0

[Event "World Youth U16 Olympiad 2012"]
[Site "Istanbul TUR"]
[Date "2012.09.05"]
[Round "10.18"]
[White "Sibashvili,G"]
[Black "Mikes,J"]
[Result "1-0"]
[WhiteElo "2073"]
[BlackElo "2125"]

1.d4 Nf6 2.c4 e6 3.Nf3 Bb4+ 4.Nbd2 b6 5.a3 Bxd2+ 6.Qxd2 Bb7 7.e3 Ne4 8.Qc2 f5
9.Bd3 O-O 10.O-O d6 11.Nd2 Qh4 12.f3 Nxd2 13.Bxd2 Nd7 14.b4 c5 15.d5 Ne5
16.bxc5 dxc5 17.Bc3 Nxd3 18.Qxd3 exd5 19.cxd5 Qa4 20.Rfe1 Ba6 21.Qd1 Qd7
22.e4 fxe4 23.fxe4 Bc4 24.Qh5 Rf7 25.Re3 Raf8 26.h3 Qe7 27.Rae1 b5 28.Rg3 b4
29.axb4 cxb4 30.Bd4 Qd6 31.Kh2 b3 32.Rc1 Bb5 33.Be5 Qd8 34.Rxb3 Be8 35.Rb8 Qa5
36.Rcc8 Qa4 37.Qg4 g6 38.Qe6 Qd7 39.Rxe8  1-0

[Event "11th Kesarovski-Stanchev Mem"]
[Site "Sunny Beach BUL"]
[Date "2012.09.09"]
[Round "9.64"]
[White "Lao,L"]
[Black "Vasileva,C"]
[Result "1-0"]
[WhiteElo "1813"]
[BlackElo "1586"]

1.d4 Nf6 2.c4 e6 3.Nf3 Bb4+ 4.Nbd2 O-O 5.e3 d5 6.Bd3 Ne4 7.O-O f5 8.Ne5 Qh4
9.Ndf3 Qh5 10.cxd5 Bd6 11.dxe6 Bxe6 12.Qc2 Nf6 13.Bc4 Bxc4 14.Qxc4+ Kh8 15.Bd2 Nbd7
16.Nxd7 Nxd7 17.Bb4 Nb6 18.Qb3 Bxh2+ 19.Nxh2 Rf6 20.Qd1 Qg6 21.Nf3 Nd5 22.Ne5 Qg5
23.Bd2 Qh4 24.g3 Qh3 25.Qf3 c6 26.Qg2 Qh5 27.Qf3 Qh3 28.Qh1 Qxh1+ 29.Kxh1 Kg8
30.Kg2 Re8 31.Rfc1 Rfe6 32.b4 g5 33.f4 gxf4 34.gxf4 Nf6 35.Kf3 R8e7 36.Rg1+ Kh8
37.Rg2 Rg7 38.Rag1 Rxg2 39.Rxg2 Re7 40.Be1 Rg7 41.Bh4 Ne8 42.Rxg7 Kxg7 43.Nc4 Kf7
44.e4 fxe4+ 45.Kxe4 Ke6 46.f5+ Kf7 47.Ne5+ Kf8 48.Be7+  1-0

[Event "3rd Livigno Open A"]
[Site "Livigno ITA"]
[Date "2012.09.13"]
[Round "5.9"]
[White "Naumkin,I"]
[Black "Timoshenko,G"]
[Result "1/2-1/2"]
[WhiteElo "2473"]
[BlackElo "2518"]

1.d4 Nf6 2.c4 e6 3.Nf3 Bb4+ 4.Nbd2 b6 5.g3 Bb7 6.Bg2 O-O 7.O-O d5 8.cxd5 exd5
9.a3 Be7 10.b4 c6 11.Qc2 a5 12.bxa5 Rxa5 13.Ne5 Ra7 14.Bb2 c5 15.Rfd1 Qc7
16.e4 Rd8 17.exd5 Bxd5 18.Bxd5 Rxd5 19.Rac1 Nc6 20.Ndf3 h6 21.Nh4 Bf8 22.Nf5 Qb7
23.Qb3 Nxd4 24.Nxd4 cxd4 25.Nc6 Ra8  1/2-1/2

[Event "TCh-NED Meesterklasse 2012-13"]
[Site "Den Bosch NED"]
[Date "2012.09.15"]
[Round "1.3"]
[White "Kodentsov,G"]
[Black "Ikonnikov,Vy"]
[Result "0-1"]
[WhiteElo "2281"]
[BlackElo "2525"]

1.d4 Nf6 2.c4 e6 3.Nf3 Bb4+ 4.Nbd2 b6 5.a3 Bxd2+ 6.Bxd2 Bb7 7.g3 a5 8.b3 O-O
9.Bg2 Be4 10.O-O d6 11.Bc3 Nbd7 12.Bh3 Re8 13.Re1 Bb7 14.Bb2 d5 15.cxd5 Bxd5
16.Nd2 Ne4 17.Nxe4 Bxe4 18.b4 axb4 19.axb4 b5 20.f3 Rxa1 21.Bxa1 Bd5 22.e4 Bc4
23.Qd2 Nb6 24.Bc3 Qd6 25.d5 exd5 26.e5 Qg6 27.Bd4 h6 28.Qf4 Qg5 29.Qxg5 hxg5
30.f4 gxf4 31.gxf4 Bd3 32.Kf2 Be4 33.Bxb6 cxb6 34.Bd7 Ra8 35.Bxb5 Kh7 36.Re2 Kg6
37.Bd7 Ra3 38.Re3 Ra2+ 39.Re2 Ra1 40.Re1 Ra7 41.Rg1+ Kh6 42.e6 fxe6 43.Bxe6 Ra4
44.b5 Rb4 45.Bd7 d4 46.Re1 Rb2+ 47.Re2 Rxe2+ 48.Kxe2 Kg6 49.Bc6 Kf5 50.Kd2 Kxf4
51.Bd7 Ke5 52.Ke2 Kd6 53.Be8 Kc5 54.Kd2 Bd5 55.Kd3 Bc4+ 56.Ke4 Bxb5 57.Bxb5 Kxb5
58.Kxd4 Ka4 59.h4 b5 60.h5 b4 61.Ke5 b3 62.Kf5 b2 63.Kg6 b1=Q+ 64.Kxg7 Qf5
65.h6 Qg5+ 66.Kh7 Kb5 67.Kh8 Qxh6+  0-1